Регионална библиотека "Любен Каравелов" - Русе

Гарванът (Запис номер 68869)

MARC детайли
000 -Лидер
Контролно поле с фиксирана дължина 01729nam a2200385 c 4500
003 - Код на организацията, давaща контролен номер
Контролно поле BLK
005 - Дата и час на последна редакция
Контролно поле 20180422103022.0
008 - Елементи от данни с фиксирана дължина
fixed length control field 180408b bul|||||r ||||||| ||bul||
010 ## - Наследен системен номер
LC control number KNG00073200000
020 ## - Международен стандартен номер на книга ISBN
Международен стандартен номер на книга ISBN 954-15-0160-5
-- издат.: Зограф
040 ## - Източник на каталожния запис
Идентификатор на билиотеката - собственик на записа BLK
041 ## - Код за език
Код за езика на текст/звукозапис или на отделно заглавие Български
Код за езика КДБФ Български
080 ## - УДК
Текстов определител УДК Американска литература (на САЩ)
УДК код - определител по УДК 821.111(73)
УДК определител -1
УДК - код + определител 821.111(73)-1
080 ## - УДК
Текстов определител УДК Американска литература (на САЩ)
УДК код - определител по УДК 821.111(73)
УДК определител -1.03(497.2)
УДК - код + определител 821.111(73)-1.03(497.2)
100 1# - Редна дума - Автор
Автор По, Едгар Алън
Авторска отговорност първи автор
R(LIN) 258626
139 ## - Редно поле
Редна дума По, Едгар Алън
Авторски знак По - П 62
245 10 - Сведения за заглавието
Заглавие Гарванът
Подзаглавни данни Бълг. преводи и критиката за тях
Редно поле (дума) Едгар Алън По; състав. Велико Боев; състав. Любен Любенов; худож. Сирак Скитник.
246 11 - Различни форми на заглавието
Паралелно заглавие The Raven / Edgar Allan Poe
250 ## - Област на изданието
Сведения за изданието 2. доп. изд.
257 ## - Страна на издаване
Страна на създаване/издаване Съединени американски щати
260 ## - Област на издателските данни
-- Варна
Име на издателя, разпространителя и проч. Зограф
Година на издаване 2006
300 ## - Физическа характеристика
Страници 128 с.
Илюстрации и др. с ил.
Размери/Мащаб 22 см
380 ## - Жанр
Жанр Худож. лит.
500 ## - Общи забележки
Забележка Сирак Скитник - псевд. на Панайот Тодоров Христов. - 1. изд. 1997 - Офс. изд.
653 ## - Ключова дума – ненормативна
Ключова дума поеми
653 ## - Ключова дума – ненормативна
Ключова дума литературна критика
700 1# - Други автори (авторска отговорност)
Лично име Боев, Велико
Автороска отговорност (Описва отношението между автора и произведението) състав.
9 (RLIN) 294154
700 1# - Други автори (авторска отговорност)
Лично име Любенов, Любен
Автороска отговорност (Описва отношението между автора и произведението) състав.
Друга информация Прангов, Любен Георгиев
9 (RLIN) 363992
700 1# - Други автори (авторска отговорност)
Лично име Сирак Скитник
Автороска отговорност (Описва отношението между автора и произведението) худож.
Друга информация Христов, Панайот Тодоров
9 (RLIN) 120752
852 ## - Местоположение
Форматна сигнатура Цб 232531
856 4# - Електронен адрес и достъп
Електронен формат pdf - файл
Път до файла /url/
856 4# - Електронен адрес и достъп
Електронен формат pdf - файл
Път до файла /url/
942 ## - АРТИКУЛИ
Вид на библиотечния материал Книги
Скрит в OPAC Не
944 ## - СЪЗДАВАНЕ И РЕДАКЦИЯ на ЗАПИСА
Създаване/Редакция Създаване
Дата на регистрацията/редакция 20.03.2007
Служител, извършил регистрацията/редакцията Людмила_Стоянова
944 ## - СЪЗДАВАНЕ И РЕДАКЦИЯ на ЗАПИСА
Създаване/Редакция Редакция
Дата на регистрацията/редакция 28.03.2007
Служител, извършил регистрацията/редакцията
999 ## - СИСТЕМНИ КОНТРОЛНИ НОМЕРА
Koha biblionumber 68869
Koha biblioitemnumber 68869
Наличности
Код за отписване Код за изгубен артикул Код за повреда Коз за рестрикции Код за отдаване Артикулен № Име на библиотеката - собственик Име на библиотеката, в която се намира в момента Статус (Текущо местоположение) Дата на вписване в системата Местоположение - отдел Цена в лева Инвентарен номер Систематично азбучна сигнатура Баркод Номер на екземпляра Цена в евро Служебна бележка Служебен тип на артикула
  Не е изгубен Не е повреден без рестрикции ползва се в читалня 113111 Регионална библиотека "Любен Каравелов" Русе Регионална библиотека "Любен Каравелов" Русе Хранилище 2007-03-22 Хранилище 7.50 120000711553 Цб 232531 120000711553 1 3.83 Дост: Dp Вид: Д N: 31 Дата: 06.07.2006 Книги
Vip Innovations Ltd, Rousse, Bulgaria 2025